Statistics for Who I am ? #04

Click here to take the quiz!

General Stats

  • This quiz has been taken 27 times
  • The average score is 4 of 5

Answer Stats

CluesCharacters% Correct
I am an American fictional character belonging to the Disney universe, appearing mainly in cartoons, comic books and video games.
I am an anthropomorphic mouse.
I am a true ambassador of the Walt Disney Company.
I was created in 1928.
I am known and recognized throughout the world, my famous silhouette formed of three circles having become inseparable from the Disney brand.
I am...
Mickey Mouse
95%
I was born on July 18, 1918 in Mvezo and died on December 5, 2013 in Johannesburg.
I am a lawyer.
On August 5, 1962, I was arrested by the South African police on the instructions of the CIA, then sentenced to life imprisonment and forced labor during the Rivonia trial. From then on, I became a symbol of the fight for racial equality and benefited from growing international support.
I am one of the historical leaders in the fight against the institutional political system of racial segregation (apartheid) before becoming President of the Republic of South Africa from 1994 to 1999, following the first non-segregationist national elections in South Africa. country's history.
I am...
Nelson Mandela
91%
I am a British woman of letters, author of many detective novels.
I was born September 15, 1890 in Torquay, UK, and died January 12, 1976 in Wallingford, UK.
My pen name is associated with that of its two heroes: Hercule Poirot, Belgian professional detective, and Miss Marple, amateur detective.
They call me the “queen of crime”.
I have also written several novels, including some sentimental stories, under the pseudonym of Mary Westmacott.
I am...
Agatha Christie
82%
I was born in July 100 BC. J.-C. in Rome and died on March 15, 44 BC. AD in the same city.
I come from a patrician family dating back to the earliest times in the history of Rome. The nickname of my family, meaning "he who cuts", indicates that one of my ancestors had distinguished himself in war with his sword.
I claim ancestry going back to Venus.
Around 80 BC I joined the army. Following the capture of Mytilene, I am rewarded with a civic crown (the highest military decoration, usually awarded for having saved the life of a fellow citizen in combat).
Back in Rome, I began my public life by suing the proconsul Cnaeus Cornelius Dolabella and against Caius Antonius Hybrida.
I was elected in 63 BC. J.-C. under pontifex maximus thanks to a campaign financed by Crassus. I was elected consul in 59 BC. J.-C.
I led the Gallic Wars is a series of military campaigns against several Gallic tribes. Rome's war against these tribes lasted from 58 to 51-50 BC. J. - C., and leads to the decisive battle of Alesia in 52 av.
I died, murdered in particular by my adopted son Brutus.
I am...
Julius Caesar
82%
I was born on October 25, 1881 in Malaga and died on April 8, 1973 in Mougins.
I am a Spanish painter, draftsman, sculptor and engraver who spent most of my life in France.
I am considered one of the founders of cubism with Georges Braque and an art companion of surrealism.
I produced nearly 50,000 works including 1,885 paintings, 1,228 sculptures, 2,880 ceramics, 7,089 drawings, 342 tapestries, 150 sketchbooks and 30,000 prints (engravings, lithographs, etc.).
Among my most famous works are the proto-Cubist Les Demoiselles d'Avignon (1907) and Guernica (1937), a dramatic depiction of the bombardment of Guernica during the Spanish Civil War.
I am...
Pablo Picasso
82%

Score Distribution

Percentile by Number Answered

Percent of People with Each Score

Your Score History

You have not taken this quiz